000 00494nam a22001937a 4500
003 MPLRDC
005 20220104124432.0
008 210129b ||||| |||| 00| 0 eng d
020 _a7-5324-1585-6
082 _a859.6 CHZW v.9
100 _a龙子编文; 张亦浩绘画
245 _a七步成诗
_c
250 _a一版一刷
260 _a
_b少年儿童出版社
_c1992
300 _b
490 _a彩画中外智慧故事
650 _a智慧故事
942 _cBK
_o859.6 CHZW v.9
999 _c19307
_d19297